Alternative enterprises and land resources: the effect of 1992 (Record no. 16741)

MARC details
000 -LEADER
fixed length control field 00765cab a2200193 4500
001 - CONTROL NUMBER
control field ABS40603
008 - FIXED-LENGTH DATA ELEMENTS--GENERAL INFORMATION
fixed length control field 090401t1989 xxu||||| |||| 00| 0 eng d
035 ## - SYSTEM CONTROL NUMBER
System control number (Sirsi) u24965
041 ## - LANGUAGE CODE
Language code of text/sound track or separate title eng
100 ## - MAIN ENTRY--PERSONAL NAME
Personal name Townsend-Rose, J.C.
245 ## - TITLE STATEMENT
Title Alternative enterprises and land resources: the effect of 1992
260 ## - PUBLICATION, DISTRIBUTION, ETC.
Date of publication, distribution, etc. 1989
350 ## - PRICE (NR) (BK AM CF MU VM SE) [OBSOLETE]
Price 0
490 ## - SERIES STATEMENT
Series statement Farmers Club Journal
Volume/sequential designation (98) April 1989, 9-16(5)
520 ## - SUMMARY, ETC.
Summary, etc. Analyses the effects of harmonisation of environment al legislation and the strains that will be put upon this by the fundamental differences in land ownership , tenancies , land use and management. It also looks at the effects of the single market on agriculture in general.
690 ## - LOCAL SUBJECT ADDED ENTRY--TOPICAL TERM (OCLC, RLIN)
Topical term or geographic name as entry element RURAL PRACTICE
942 ## - ADDED ENTRY ELEMENTS (KOHA)
Suppress in OPAC 0
948 ## - LOCAL PROCESSING INFORMATION (OCLC); SERIES PART DESIGNATOR (RLIN)
c (OCLC) 04/03/1997
Holdings
Withdrawn status Lost status Source of classification or shelving scheme Damaged status Not for loan Home library Current library Shelving location Date acquired Total Checkouts Full call number Barcode Date last seen Copy number Price effective from Koha item type
    Dewey Decimal Classification     London London Journal article 14/09/1999   ABS40603 24965-1001 06/08/2019 1 06/08/2019 Journal article